The religious life of young Americans. (Record no. 14764)

000 -LEADER
fixed length control field 00655nam a2200205 a 4500
001 - CONTROL NUMBER
control field :::00012598$&:&@@
003 - CONTROL NUMBER IDENTIFIER
control field OkBaRHE
005 - DATE AND TIME OF LATEST TRANSACTION
control field 20100402122217.0
008 - FIXED-LENGTH DATA ELEMENTS--GENERAL INFORMATION
fixed length control field s1992 j 000 0 eng u
040 ## - CATALOGING SOURCE
Transcribing agency
100 1# - MAIN ENTRY--PERSONAL NAME
Personal name Gallup, George H.
245 14 - TITLE STATEMENT
Title The religious life of young Americans.
260 ## - PUBLICATION, DISTRIBUTION, ETC. (IMPRINT)
Place of publication, distribution, etc Princeton, NJ.,
Name of publisher, distributor, etc The George Gallup Internatioal Institute
Date of publication, distribution, etc 1992
300 ## - PHYSICAL DESCRIPTION
Extent 79 p. ;
Dimensions 25 cm.
650 ## - SUBJECT ADDED ENTRY--TOPICAL TERM
Topical term or geographic name as entry element Youth
General subdivision Conduct of Life
650 ## - SUBJECT ADDED ENTRY--TOPICAL TERM
Topical term or geographic name as entry element Youth
General subdivision Gallup Poll
650 ## - SUBJECT ADDED ENTRY--TOPICAL TERM
Topical term or geographic name as entry element Youth
General subdivision Religious Life
942 ## - ADDED ENTRY ELEMENTS (KOHA)
Source of classification or shelving scheme
Koha item type Books
Copies
Shelving location Not for loan Koha item type Lost status Withdrawn status Full call number Date last seen Permanent Location Copy number Price effective from Damaged status Date acquired Source of classification or shelving scheme Barcode
General Stacks Books  HQ 796 .G3 19922010-04-14RHEMA Bible Training College12010-04-14 2010-04-14 12598